TRAINING INSTRUMENTS HRD AND OD (Record no. 35543)
[ view plain ]
| 000 -LEADER | |
|---|---|
| fixed length control field | 00220nam a2200097Ia 4500 |
| 008 - FIXED-LENGTH DATA ELEMENTS--GENERAL INFORMATION | |
| fixed length control field | 170627s9999 xx 000 0 und d |
| 100 ## - MAIN ENTRY--PERSONAL NAME | |
| Personal name | PAREEK-UDAI |
| 245 #0 - TITLE STATEMENT | |
| Title | TRAINING INSTRUMENTS HRD AND OD |
| 260 ## - PUBLICATION, DISTRIBUTION, ETC. | |
| Name of publisher, distributor, etc. | TMH |
| 260 ## - PUBLICATION, DISTRIBUTION, ETC. | |
| Date of publication, distribution, etc. | 2007 |
| 546 ## - LANGUAGE NOTE | |
| Language note | ENGLISH |
| Withdrawn status | Lost status | Source of classification or shelving scheme | Damaged status | Not for loan | Home library | Current library | Date acquired | Total Checkouts | Barcode | Date last seen | Price effective from | Koha item type |
|---|---|---|---|---|---|---|---|---|---|---|---|---|
| NOIDA IIMT College of Engineering MBA | NOIDA IIMT College of Engineering MBA | 06/29/2017 | 21-B-1276 | 06/29/2017 | 06/29/2017 | Text-Book- for 7 days | ||||||
| NOIDA IIMT College of Engineering MBA | NOIDA IIMT College of Engineering MBA | 06/29/2017 | 21-B-1277 | 06/29/2017 | 06/29/2017 | Text-Book- for 7 days | ||||||
| NOIDA IIMT College of Engineering MBA | NOIDA IIMT College of Engineering MBA | 06/29/2017 | 21-B-1278 | 06/29/2017 | 06/29/2017 | Text-Book- for 7 days | ||||||
| NOIDA IIMT College of Engineering MBA | NOIDA IIMT College of Engineering MBA | 06/29/2017 | 21-B-1279 | 06/29/2017 | 06/29/2017 | Text-Book- for 7 days | ||||||
| NOIDA IIMT College of Engineering MBA | NOIDA IIMT College of Engineering MBA | 06/29/2017 | 21-B-1280 | 06/29/2017 | 06/29/2017 | Text-Book- for 7 days |

